000 00722nam a2200289Ia 4500
005 20260324145129.0
008 008 260324s9999 xx 000 0 eng d
020 _a9781351065306
037 _aEBOOK
040 _aCRL
040 _beng
040 _cCRL
041 _2eng
041 _aeng
084 _qCRL
100 _aCraig R. Hickman; Michael A. Silva
_91219785
245 0 _aCreating Excellence
245 0 _bManaging Corporate Culture, Strategy, and Change in the New Age
260 _bTaylor and Francis
260 _c1984
365 _a
365 _b220
856 _uhttp://www.taylorfrancis.com/books/9781351065306
942 _cEBOOK
999 _c1829349
_d1829349